[Event "14. Obert Int. Sant Marti 2012"]
[Site "Barcelona ESP"]
[Date "2012.07.20"]
[Round "8.9"]
[White "Hernandez Carmenates, Holden"]
[Black "Asis Gargatagli, Hipolito"]
[Result "1-0"]
[WhiteElo "2569"]
[BlackElo "2482"]
[PlyCount "77"]
[EventDate "2012.07.13"]
[EventType "swiss"]
[EventRounds "9"]
[EventCountry "ESP"]
[SourceTitle "Ajedrez en Madrid"]
[Source "lmi"]
[SourceDate "2012.07.13"]
[SourceVersion "1"]
[SourceVersionDate "2019.06.21"]
[SourceQuality "1"]

1. d4 Nf6 2. c4 c5 3. Nf3 cxd4 4. Nxd4 Nc6 5. g3 d6 6. Bg2 Bd7 7. O-O g6 8. e3
Bg7 9. b3 O-O 10. Bb2 Qa5 11. Nc3 Rfc8 12. h3 Rab8 13. a4 a6 14. f4 h5 15. Kh2
Qb6 16. Nce2 e6 17. e4 Rd8 18. f5 gxf5 19. exf5 e5 20. Nf3 Na5 21. Nd2 Bc6 22.
Rb1 Rbc8 23. Bxc6 Rxc6 24. Bc3 Qc7 25. Qe1 b6 26. Bxa5 bxa5 27. Nc3 d5 28. Nxd5
Nxd5 29. cxd5 Rc2 30. Rf2 h4 31. gxh4 e4+ 32. Kg2 Bd4 33. Re2 Qf4 34. Qf1 Be5
35. Kh1 Rxd2 36. Qg2+ Kh8 37. Rxd2 e3 38. Rc2 Rg8 39. Rc4 1-0

[Event "14. Obert Int. Sant Marti 2012"]
[Site "Barcelona ESP"]
[Date "2012.07.20"]
[Round "8.10"]
[White "Barsov, Alexei"]
[Black "Palit, Somak"]
[Result "0-1"]
[WhiteElo "2539"]
[BlackElo "2393"]
[PlyCount "52"]
[EventDate "2012.07.13"]
[EventType "swiss"]
[EventRounds "9"]
[EventCountry "ESP"]
[SourceTitle "Ajedrez en Madrid"]
[Source "lmi"]
[SourceDate "2012.07.13"]
[SourceVersion "1"]
[SourceVersionDate "2019.06.21"]
[SourceQuality "1"]

1. d4 d5 2. c4 Nc6 3. Nc3 dxc4 4. Nf3 Nf6 5. Bg5 h6 6. Bh4 Bf5 7. d5 Nb8 8. Qd4
g5 9. Bg3 Bg7 10. e4 Bh7 11. e5 Nh5 12. h4 Nxg3 13. fxg3 Nd7 14. O-O-O c5 15.
dxc6 bxc6 16. hxg5 Bg6 17. Qf4 hxg5 18. Rxh8+ Bxh8 19. Qxg5 Qb6 20. e6 Bxc3 21.
exd7+ Kd8 22. bxc3 Rb8 23. Kd2 Qf2+ 24. Be2 Rb2+ 25. Kc1 Rc2+ 26. Kb1 Qb6+ 0-1

[Event "14. Obert Int. Sant Marti 2012"]
[Site "Barcelona ESP"]
[Date "2012.07.20"]
[Round "8.11"]
[White "Cruz, Filemon"]
[Black "Gonzalez Garcia, Jose"]
[Result "0-1"]
[WhiteElo "2404"]
[BlackElo "2518"]
[PlyCount "110"]
[EventDate "2012.07.13"]
[EventType "swiss"]
[EventRounds "9"]
[EventCountry "ESP"]
[SourceTitle "Ajedrez en Madrid"]
[Source "lmi"]
[SourceDate "2012.07.13"]
[SourceVersion "1"]
[SourceVersionDate "2019.06.21"]
[SourceQuality "1"]

1. e4 c5 2. d3 Nc6 3. Nf3 g6 4. g3 Bg7 5. Bg2 d6 6. Nc3 e6 7. O-O Nge7 8. Bg5
O-O 9. Qd2 f6 10. Bh6 e5 11. Bxg7 Kxg7 12. Nh4 Be6 13. Rae1 g5 14. Nf3 Ng6 15.
Rc1 Qd7 16. Nd5 Bxd5 17. exd5 Nce7 18. c4 g4 19. Ne1 f5 20. b4 f4 21. Be4 Nf5
22. bxc5 dxc5 23. Nc2 Nd6 24. Rfe1 Rae8 25. Rb1 Rf6 26. Qc3 Nh8 27. Na3 Nhf7
28. Nb5 Nxe4 29. Rxe4 Ng5 30. Re2 Nf3+ 31. Kh1 Rh6 32. h4 Qd8 33. Reb2 Rxh4+
34. Kg2 Rh2+ 35. Kf1 Qf6 36. Nc7 Re7 37. d6 Qxd6 38. Nd5 Rf7 39. Rxb7 Rh1+ 40.
Kg2 Rh2+ 41. Kf1 Rh1+ 42. Kg2 Rxb1 43. Rxb1 Nd4 44. Rh1 Qg6 45. Qd2 Qf5 46.
gxf4 exf4 47. Nc3 Re7 48. Nd5 f3+ 49. Kf1 Re6 50. Rh4 h5 51. Nf4 Re2 52. Qc1
Rc2 53. Qe3 Ne2 54. Nxh5+ Kf7 55. Qh6 Rc1+ 0-1

[Event "14. Obert Int. Sant Marti 2012"]
[Site "Barcelona ESP"]
[Date "2012.07.20"]
[Round "8.12"]
[White "Lopez Martinez, Josep Manuel"]
[Black "Gonzalez Rodriguez, Jorge A"]
[Result "0-1"]
[WhiteElo "2509"]
[BlackElo "2410"]
[PlyCount "41"]
[EventDate "2012.07.13"]
[EventType "swiss"]
[EventRounds "9"]
[EventCountry "ESP"]
[SourceTitle "Ajedrez en Madrid"]
[Source "lmi"]
[SourceDate "2012.07.13"]
[SourceVersion "1"]
[SourceVersionDate "2019.06.21"]
[SourceQuality "1"]

1. d4 Nf6 2. Bg5 e6 3. e4 d5 4. e5 h6 5. Be3 Ng8 6. c3 b6 7. Bb5+ c6 8. Ba4 a5
9. Ne2 Ba6 10. Bc2 Qd7 11. g4 h5 12. gxh5 Rxh5 13. Ng3 Rh8 14. h4 c5 15. h5 Nc6
16. f4 f5 17. Nd2 cxd4 18. Bxd4 Nxd4 19. cxd4 Nh6 20. Ndf1 Be7 21. Ne3 0-1

[Event "14. Obert Int. Sant Marti 2012"]
[Site "Barcelona ESP"]
[Date "2012.07.20"]
[Round "8.13"]
[White "Uribe Arteaga, Daniel"]
[Black "Venkatesh, M R.."]
[Result "0-1"]
[WhiteElo "2272"]
[BlackElo "2506"]
[PlyCount "80"]
[EventDate "2012.07.13"]
[EventType "swiss"]
[EventRounds "9"]
[EventCountry "ESP"]
[SourceTitle "Ajedrez en Madrid"]
[Source "lmi"]
[SourceDate "2012.07.13"]
[SourceVersion "1"]
[SourceVersionDate "2019.06.21"]
[SourceQuality "1"]

1. e4 c5 2. Nf3 Nc6 3. d3 g6 4. g3 Bg7 5. Bg2 e6 6. O-O Nge7 7. c3 d5 8. Nbd2
h6 9. h4 b6 10. Re1 Bb7 11. Qe2 Qd7 12. Nf1 dxe4 13. dxe4 O-O-O 14. Qc4 Na5 15.
Qe2 Qd3 16. Bf4 Nc4 17. Qxd3 Rxd3 18. b3 e5 19. Bc1 Nd6 20. Bb2 Bxe4 21. Rxe4
Nxe4 22. Ne1 Nxf2 23. Kxf2 Rd6 24. c4 Rhd8 25. Nf3 Nc6 26. Re1 Nb4 27. Bh3+ f5
28. Bc3 Nd3+ 29. Ke3 Nxe1 30. Nxe1 h5 31. Ke2 Bh6 32. Ne3 Bxe3 33. Kxe3 Rd1 34.
Ke2 Rc1 35. Bb2 Rb1 36. Bc3 Rc1 37. Bb2 Rb1 38. Bc3 Rdd1 39. Nf3 e4 40. Nd2
Re1+ 0-1

[Event "14. Obert Int. Sant Marti 2012"]
[Site "Barcelona ESP"]
[Date "2012.07.20"]
[Round "8.14"]
[White "Cuartas, Jaime Alexander"]
[Black "Napoli, Nicolo'"]
[Result "1-0"]
[WhiteElo "2523"]
[BlackElo "2298"]
[PlyCount "59"]
[EventDate "2012.07.13"]
[EventType "swiss"]
[EventRounds "9"]
[EventCountry "ESP"]
[SourceTitle "Ajedrez en Madrid"]
[Source "lmi"]
[SourceDate "2012.07.13"]
[SourceVersion "1"]
[SourceVersionDate "2019.06.21"]
[SourceQuality "1"]

1. e4 g6 2. d4 Bg7 3. Nf3 c5 4. dxc5 Qa5+ 5. c3 Qxc5 6. Na3 Na6 7. Nb5 Qc6 8.
Be3 Qxe4 9. Bd3 Qc6 10. O-O b6 11. Re1 Nf6 12. Bf4 O-O 13. Rxe7 Nc5 14. Ne5 Qb7
15. Bc4 Ne6 16. Bg3 Nh5 17. Nxf7 Qc6 18. Nfd6 Nxg3 19. hxg3 Ba6 20. Qe2 Kh8 21.
Bxe6 dxe6 22. Rxe6 Qc5 23. Rd1 Kg8 24. b4 Qc6 25. c4 Rad8 26. Nxa7 Qa4 27. b5
Bb7 28. Re7 Rf6 29. Rxb7 Bf8 30. Nac8 1-0

[Event "14. Obert Int. Sant Marti 2012"]
[Site "Barcelona ESP"]
[Date "2012.07.20"]
[Round "8.15"]
[White "Panelo, Marcelo"]
[Black "Aranda Gonzalez, Jose"]
[Result "1-0"]
[WhiteElo "2452"]
[BlackElo "2245"]
[PlyCount "63"]
[EventDate "2012.07.13"]
[EventType "swiss"]
[EventRounds "9"]
[EventCountry "ESP"]
[SourceTitle "Ajedrez en Madrid"]
[Source "lmi"]
[SourceDate "2012.07.13"]
[SourceVersion "1"]
[SourceVersionDate "2019.06.21"]
[SourceQuality "1"]

1. d4 d5 2. c4 c6 3. Nf3 dxc4 4. e3 b5 5. a4 e6 6. axb5 cxb5 7. b3 Bb4+ 8. Bd2
Bxd2+ 9. Nbxd2 a5 10. bxc4 b4 11. Ne5 Nf6 12. Be2 O-O 13. Bf3 Ra7 14. O-O Nfd7
15. Nd3 Qc7 16. Qa4 Nb6 17. Qa2 Ra6 18. Nc5 Ra7 19. Rfb1 e5 20. Rxb4 exd4 21.
exd4 Rd8 22. Rb5 Rxd4 23. Qb2 Rd6 24. Nce4 Rh6 25. g3 N6d7 26. Ng5 Nc6 27. Re1
Nf8 28. Bd5 Be6 29. Rc5 Bxd5 30. cxd5 Qb8 31. Rb5 Qd8 32. dxc6 1-0

[Event "14. Obert Int. Sant Marti 2012"]
[Site "Barcelona ESP"]
[Date "2012.07.20"]
[Round "8.16"]
[White "Vigoa Apecheche, Yanira"]
[Black "Gonzalez Perez, Arian"]
[Result "0-1"]
[WhiteElo "2269"]
[BlackElo "2452"]
[PlyCount "132"]
[EventDate "2012.07.13"]
[EventType "swiss"]
[EventRounds "9"]
[EventCountry "ESP"]
[SourceTitle "Ajedrez en Madrid"]
[Source "lmi"]
[SourceDate "2012.07.13"]
[SourceVersion "1"]
[SourceVersionDate "2019.06.21"]
[SourceQuality "1"]

1. d4 Nf6 2. Bg5 d5 3. e3 e6 4. Bd3 c5 5. c3 Qb6 6. Qc1 Nc6 7. Nf3 Bd7 8. Nbd2
Rc8 9. Qb1 cxd4 10. exd4 Na5 11. Ne5 Bb5 12. O-O Be7 13. a4 Bxd3 14. Qxd3 Nc6
15. Ndf3 h6 16. Bh4 g5 17. Bg3 Ne4 18. Nxc6 bxc6 19. a5 Qb5 20. c4 Qxc4 21.
Qxc4 dxc4 22. Be5 Rg8 23. Rfe1 f5 24. Rec1 g4 25. Ne1 Nd6 26. Bxd6 Bxd6 27.
Rxc4 Rg7 28. Nd3 Rb7 29. b4 Rb5 30. g3 Rd5 31. Kg2 h5 32. Rac1 Ke7 33. f4 gxf3+
34. Kxf3 h4 35. Nf4 Bxf4 36. gxf4 Rb8 37. Re1 Kd7 38. Rg1 Rdb5 39. Rg7+ Kd6 40.
Rxa7 Rxb4 41. Rxb4 Rxb4 42. Ke3 Rb3+ 43. Kd2 Rb2+ 44. Kc3 Rxh2 45. Rh7 Kd5 46.
Kb3 Rh3+ 47. Kb4 Rh1 48. Rh6 h3 49. a6 h2 50. a7 Rb1+ 51. Kc3 Ra1 52. Rxh2 Rxa7
53. Rh8 Ra3+ 54. Kb4 Re3 55. Rd8+ Ke4 56. Kc5 Kxf4 57. Kxc6 Re4 58. d5 exd5 59.
Kxd5 Re1 60. Ra8 Kg4 61. Kd4 f4 62. Kd3 f3 63. Rg8+ Kh3 64. Rh8+ Kg2 65. Rg8+
Kf1 66. Kd2 f2 0-1

[Event "14. Obert Int. Sant Marti 2012"]
[Site "Barcelona ESP"]
[Date "2012.07.20"]
[Round "8.17"]
[White "Mamedjarova, Turkan"]
[Black "Pogorelov, Ruslan"]
[Result "0-1"]
[WhiteElo "2259"]
[BlackElo "2417"]
[PlyCount "80"]
[EventDate "2012.07.13"]
[EventType "swiss"]
[EventRounds "9"]
[EventCountry "ESP"]
[SourceTitle "Ajedrez en Madrid"]
[Source "lmi"]
[SourceDate "2012.07.13"]
[SourceVersion "1"]
[SourceVersionDate "2019.06.21"]
[SourceQuality "1"]

1. e4 c5 2. Nf3 e6 3. Nc3 a6 4. a4 Nc6 5. d4 cxd4 6. Nxd4 Qc7 7. Nxc6 bxc6 8.
Bd3 Nf6 9. O-O d5 10. exd5 cxd5 11. Bg5 Bd6 12. h3 Be5 13. f4 Bxc3 14. bxc3
Qxc3 15. f5 e5 16. Bxf6 gxf6 17. Qg4 Bb7 18. Rab1 Bc6 19. Bxa6 Ke7 20. Bb5 d4
21. Bxc6 Qxc6 22. Qf3 Qxf3 23. Rxf3 Rhc8 24. c3 Rxc3 25. Rb7+ Kf8 26. Rxc3 dxc3
27. Rc7 Rxa4 28. Rxc3 Rf4 29. g3 Rxf5 30. Kg2 Rg5 31. Kf3 h5 32. Ke4 Kg7 33.
Ra3 Kg6 34. Rf3 h4 35. gxh4 Rh5 36. Rg3+ Kh7 37. Rf3 Kg7 38. Rg3+ Kf8 39. Rf3
Ke7 40. Rd3 Ke6 0-1

[Event "14. Obert Int. Sant Marti 2012"]
[Site "Barcelona ESP"]
[Date "2012.07.20"]
[Round "8.18"]
[White "Ramesa, Marin"]
[Black "Pulvett, Daniel"]
[Result "0-1"]
[WhiteElo "2214"]
[BlackElo "2383"]
[PlyCount "100"]
[EventDate "2012.07.13"]
[EventType "swiss"]
[EventRounds "9"]
[EventCountry "ESP"]
[SourceTitle "Ajedrez en Madrid"]
[Source "lmi"]
[SourceDate "2012.07.13"]
[SourceVersion "1"]
[SourceVersionDate "2019.06.21"]
[SourceQuality "1"]

1. d4 Nf6 2. Nf3 g6 3. c4 Bg7 4. Nc3 O-O 5. e4 d6 6. Be2 e5 7. O-O Nc6 8. d5
Ne7 9. Ne1 Nd7 10. Be3 f5 11. f3 f4 12. Bf2 g5 13. Rc1 Ng6 14. c5 Nxc5 15. b4
Na6 16. Nb5 Bd7 17. Nxa7 g4 18. fxg4 f3 19. Bxf3 Qb8 20. Qb3 Rxa7 21. b5 Nc5
22. Bxc5 dxc5 23. d6+ Kh8 24. dxc7 Qe8 25. b6 Be6 26. Qe3 Rxa2 27. Qxc5 Nf4 28.
Rd1 Qg6 29. Rd8 Ra8 30. Qd6 Qf6 31. Rxa8 Rxa8 32. Nd3 Nxd3 33. Qxd3 Bf8 34. Kh1
Bc5 35. Qb5 Qe7 36. Rd1 Bd4 37. h3 Qd6 38. Be2 Bd7 39. Qd5 Qxd5 40. exd5 Bxb6
41. Rb1 Bc5 42. d6 e4 43. g5 b5 44. Rd1 e3 45. Kh2 Ra2 46. Bxb5 Rd2 47. Rc1
Bxd6+ 48. Kg1 Bc8 49. Kf1 Rf2+ 50. Ke1 Rf7 0-1

[Event "14. Obert Int. Sant Marti 2012"]
[Site "Barcelona ESP"]
[Date "2012.07.20"]
[Round "8.19"]
[White "Mammadova, Gulnar"]
[Black "Tomov, Georgi"]
[Result "1-0"]
[WhiteElo "2341"]
[BlackElo "2263"]
[PlyCount "135"]
[EventDate "2012.07.13"]
[EventType "swiss"]
[EventRounds "9"]
[EventCountry "ESP"]
[SourceTitle "Ajedrez en Madrid"]
[Source "lmi"]
[SourceDate "2012.07.13"]
[SourceVersion "1"]
[SourceVersionDate "2019.06.21"]
[SourceQuality "1"]

1. e4 e5 2. Nf3 Nc6 3. d4 exd4 4. Nxd4 Nf6 5. Nxc6 bxc6 6. e5 Qe7 7. Qe2 Nd5 8.
c4 Ba6 9. b3 g6 10. f4 d6 11. Bb2 Bg7 12. Qf2 Nf6 13. Qf3 Nd7 14. Qxc6 O-O 15.
Nc3 Nb6 16. c5 Bxf1 17. cxb6 Bd3 18. O-O-O Bf5 19. Nd5 Qh4 20. g3 Qh3 21. bxc7
Rae8 22. Ne3 Bc8 23. Rxd6 g5 24. fxg5 Bxe5 25. Bxe5 Rxe5 26. Nc2 Qf5 27. b4 Re2
28. Qc5 Qxc5 29. bxc5 Re5 30. c6 Re7 31. Nb4 Be6 32. Kb2 a5 33. Nd5 Bxd5 34.
Rxd5 Rxc7 35. Rc1 Rb8+ 36. Ka3 Rb6 37. Rd6 Kf8 38. h4 Rb4 39. Rd7 Rxd7 40. cxd7
Ke7 41. Rd1 Kd8 42. Rd3 Re4 43. Kb3 Rb4+ 44. Kc2 Ra4 45. a3 Re4 46. Kd2 Re5 47.
Rd4 Rb5 48. Ke3 Rb3+ 49. Rd3 Rb1 50. Kf4 a4 51. Rd4 Ra1 52. Rxa4 Kxd7 53. Ra6
Ke7 54. Ra7+ Ke6 55. Ra6+ Ke7 56. a4 Ra2 57. Kg4 Ra3 58. a5 Rc3 59. Rb6 Ra3 60.
a6 Ra4+ 61. Kh5 Ra3 62. Rb7+ Ke6 63. a7 f6 64. gxf6 Kxf6 65. g4 h6 66. Kxh6 Ra4
67. g5+ Kf5 68. h5 1-0

[Event "14. Obert Int. Sant Marti 2012"]
[Site "Barcelona ESP"]
[Date "2012.07.20"]
[Round "8.20"]
[White "Leiro Giralt, Daniel"]
[Black "Konguvel, Ponnuswamy"]
[Result "0-1"]
[WhiteElo "2214"]
[BlackElo "2319"]
[PlyCount "84"]
[EventDate "2012.07.13"]
[EventType "swiss"]
[EventRounds "9"]
[EventCountry "ESP"]
[SourceTitle "Ajedrez en Madrid"]
[Source "lmi"]
[SourceDate "2012.07.13"]
[SourceVersion "1"]
[SourceVersionDate "2019.06.21"]
[SourceQuality "1"]

1. e4 c5 2. Nc3 Nc6 3. Nge2 g6 4. d4 cxd4 5. Nxd4 Bg7 6. Nde2 Nf6 7. g3 b5 8.
Bg2 Rb8 9. O-O d6 10. h3 b4 11. Nd5 Nd7 12. a3 bxa3 13. Rxa3 O-O 14. b3 a5 15.
Be3 Ba6 16. Re1 e6 17. Ndc3 Qc7 18. Qd2 Rfc8 19. Rd1 Nb4 20. Qxd6 Bxe2 21. Nxe2
Nxc2 22. Qxc7 Rxc7 23. Rxa5 Nxe3 24. fxe3 Rxb3 25. Ra8+ Bf8 26. Nd4 Rxe3 27.
Nb5 Rb7 28. Nd6 Rb8 29. Rxb8 Nxb8 30. Nc4 Rxg3 31. Rd8 Nc6 32. Rc8 Na7 33. Ra8
Kg7 34. Kh2 Rc3 35. Rxa7 Rxc4 36. Ra2 Bd6+ 37. Kg1 h5 38. Kf2 Bc5+ 39. Ke2 Rc3
40. Kd2 Rg3 41. Ke1 Kf6 42. Rc2 Bd4 0-1

[Event "14. Obert Int. Sant Marti 2012"]
[Site "Barcelona ESP"]
[Date "2012.07.20"]
[Round "8.21"]
[White "Ryan, Joseph"]
[Black "Umudova, Nargiz"]
[Result "1/2-1/2"]
[WhiteElo "2300"]
[BlackElo "2210"]
[PlyCount "148"]
[EventDate "2012.07.13"]
[EventType "swiss"]
[EventRounds "9"]
[EventCountry "ESP"]
[SourceTitle "Ajedrez en Madrid"]
[Source "lmi"]
[SourceDate "2012.07.13"]
[SourceVersion "1"]
[SourceVersionDate "2019.06.21"]
[SourceQuality "1"]

1. Nf3 Nf6 2. g3 g6 3. b3 Bg7 4. Bb2 d6 5. d4 O-O 6. Bg2 e5 7. dxe5 Ng4 8. O-O
Nxe5 9. Nxe5 dxe5 10. Qxd8 Rxd8 11. Na3 Nc6 12. Nb5 Bg4 13. Nxc7 Rac8 14. Nd5
Bxe2 15. Rfe1 Bg4 16. c4 Be6 17. Rad1 f5 18. Ba3 Kf7 19. Nb4 Nd4 20. Bxb7 Rc7
21. Bg2 e4 22. Kf1 a5 23. Na6 Rcc8 24. Bc5 Rc6 25. Rd2 Rxa6 26. Red1 Nxb3 27.
axb3 Rb8 28. Rd8 Rxb3 29. R1d7+ Bxd7 30. Rxd7+ Ke6 31. Rxg7 a4 32. Rxh7 Ra5 33.
Bd4 a3 34. Rh6 a2 35. Rxg6+ Kf7 36. Rg7+ Kf8 37. Rd7 Ke8 38. Rd5 a1=Q+ 39. Bxa1
Rxa1+ 40. Ke2 Rc1 41. Bh3 Rb2+ 42. Rd2 Rcc2 43. Rxc2 Rxc2+ 44. Ke3 Rc3+ 45. Kd2
Rxc4 46. Bxf5 Ke7 47. Ke3 Rc3+ 48. Kxe4 Kf6 49. Bd7 Rc7 50. Bb5 Rc2 51. Ke3 Rb2
52. Bd3 Kg5 53. h3 Ra2 54. f3 Ra3 55. f4+ Kh5 56. Kd4 Rb3 57. f5 Kg5 58. Ke3
Ra3 59. Ke2 Rb3 60. Kd2 Ra3 61. Ke3 Rb3 62. Kd4 Ra3 63. h4+ Kg4 64. f6 Kxg3 65.
f7 Ra8 66. h5 Kg4 67. Bg6 Rd8+ 68. Kc5 Kg5 69. Kc6 Kf6 70. Kc7 Rf8 71. Kd7
Rxf7+ 72. Bxf7 Kxf7 73. h6 Kg6 74. h7 Kxh7 1/2-1/2

[Event "14. Obert Int. Sant Marti 2012"]
[Site "Barcelona ESP"]
[Date "2012.07.20"]
[Round "8.22"]
[White "Rojas Keim, Luis"]
[Black "Minguez Rodriguez, Raul"]
[Result "1/2-1/2"]
[WhiteElo "2426"]
[BlackElo "2237"]
[PlyCount "54"]
[EventDate "2012.07.13"]
[EventType "swiss"]
[EventRounds "9"]
[EventCountry "ESP"]
[SourceTitle "Ajedrez en Madrid"]
[Source "lmi"]
[SourceDate "2012.07.13"]
[SourceVersion "1"]
[SourceVersionDate "2019.06.21"]
[SourceQuality "1"]

1. d4 Nf6 2. Bg5 e6 3. e4 h6 4. Bxf6 Qxf6 5. Nc3 d6 6. Qd2 c6 7. O-O-O e5 8. d5
Nd7 9. g3 Nb6 10. f4 Be7 11. f5 Qg5 12. Nf3 Qxd2+ 13. Rxd2 a6 14. g4 cxd5 15.
exd5 h5 16. Rg1 hxg4 17. Rxg4 Bxf5 18. Rxg7 Bg6 19. Bd3 Bf8 20. Rxg6 fxg6 21.
Bxg6+ Ke7 22. Rg2 Bh6+ 23. Kd1 Nc4 24. Ke2 Ne3 25. Rg1 Bf4 26. h4 b5 27. h5
Rag8 1/2-1/2

[Event "14. Obert Int. Sant Marti 2012"]
[Site "Barcelona ESP"]
[Date "2012.07.20"]
[Round "8.23"]
[White "Zsinka, Laszlo"]
[Black "Perpinya Rofes, Lluis Maria"]
[Result "0-1"]
[WhiteElo "2291"]
[BlackElo "2401"]
[PlyCount "70"]
[EventDate "2012.07.13"]
[EventType "swiss"]
[EventRounds "9"]
[EventCountry "ESP"]
[SourceTitle "Ajedrez en Madrid"]
[Source "lmi"]
[SourceDate "2012.07.13"]
[SourceVersion "1"]
[SourceVersionDate "2019.06.21"]
[SourceQuality "1"]

1. d4 Nf6 2. c4 g6 3. Nc3 Bg7 4. e4 d6 5. f3 O-O 6. Be3 c5 7. Nge2 Nc6 8. d5
Na5 9. Ng3 a6 10. Rc1 Bd7 11. a3 b5 12. cxb5 axb5 13. Bxb5 Qb8 14. a4 Bxb5 15.
Nxb5 Rc8 16. O-O Ne8 17. b3 Nc7 18. Qd3 Nxb5 19. axb5 Qb7 20. Ne2 Rab8 21. b4
c4 22. Qb1 Nb3 23. b6 Qa6 24. Rc2 Qb5 25. Qe1 c3 26. Qb1 Qd3 27. Bf2 Na1 28.
Rxc3 Rxc3 29. Nxc3 Qxc3 30. Rc1 Qb3 31. Qxb3 Nxb3 32. Rc7 Bd4 33. Bxd4 Nxd4 34.
b7 Kg7 35. Kf2 Nb5 0-1

[Event "14. Obert Int. Sant Marti 2012"]
[Site "Barcelona ESP"]
[Date "2012.07.20"]
[Round "8.24"]
[White "Mosquera, Miguel"]
[Black "Montalban Galvez, Antoni"]
[Result "1/2-1/2"]
[WhiteElo "2395"]
[BlackElo "2204"]
[PlyCount "111"]
[EventDate "2012.07.13"]
[EventType "swiss"]
[EventRounds "9"]
[EventCountry "ESP"]
[SourceTitle "Ajedrez en Madrid"]
[Source "lmi"]
[SourceDate "2012.07.13"]
[SourceVersion "1"]
[SourceVersionDate "2019.06.21"]
[SourceQuality "1"]

1. e4 c6 2. d4 d5 3. Nc3 dxe4 4. Nxe4 Bf5 5. Ng3 Bg6 6. N1e2 e6 7. Nf4 Bd6 8.
c3 Qc7 9. Qf3 Nf6 10. Bc4 Nbd7 11. h4 O-O-O 12. h5 Bc2 13. O-O e5 14. Nfe2 e4
15. Qe3 Nb6 16. Qd2 Nxc4 17. Qxc2 e3 18. Qd3 Ng4 19. Qf5+ Qd7 20. fxe3 Ncxe3
21. Qxd7+ Rxd7 22. Rf3 Re8 23. Bxe3 Nxe3 24. Nf4 c5 25. Rc1 g6 26. Nd3 b6 27.
Re1 cxd4 28. cxd4 Rde7 29. Ne5 Bxe5 30. dxe5 Ng4 31. e6 f5 32. Rc3+ Kb7 33. Rd3
Rxe6 34. Rxe6 Rxe6 35. Rd7+ Kc6 36. Rxh7 f4 37. Nf1 gxh5 38. Rxh5 Re2 39. Rh4
Ne5 40. Rxf4 Rxb2 41. Rf2 Rb1 42. g3 Kd5 43. Kg2 Ra1 44. Nh2 a5 45. g4 b5 46.
g5 Ke6 47. Nf3 Nxf3 48. Kxf3 Kf5 49. Rg2 Kg6 50. Ke4 Rc1 51. Rd2 Rc4+ 52. Kd5
Kxg5 53. Rb2 Ra4 54. Rxb5 Rxa2 55. Kc4+ Kf4 56. Kb3 1/2-1/2

[Event "14. Obert Int. Sant Marti 2012"]
[Site "Barcelona ESP"]
[Date "2012.07.20"]
[Round "8.25"]
[White "Ramirez Garcia, Jorge Alberto"]
[Black "Grafl, Florian"]
[Result "0-1"]
[WhiteElo "2241"]
[BlackElo "2387"]
[PlyCount "92"]
[EventDate "2012.07.13"]
[EventType "swiss"]
[EventRounds "9"]
[EventCountry "ESP"]
[SourceTitle "Ajedrez en Madrid"]
[Source "lmi"]
[SourceDate "2012.07.13"]
[SourceVersion "1"]
[SourceVersionDate "2019.06.21"]
[SourceQuality "1"]

1. e4 d5 2. exd5 Qxd5 3. Nc3 Qd6 4. d4 Nf6 5. Nf3 a6 6. Ne5 Nc6 7. Bf4 Bf5 8.
Bc4 e6 9. Nxc6 Qxf4 10. Ne5 Rd8 11. Ne2 Qe4 12. Bd3 Qxg2 13. Rg1 Qd5 14. Bxf5
exf5 15. c3 g6 16. Qa4+ Qb5 17. Qxb5+ axb5 18. Nf4 Bh6 19. Nfd3 O-O 20. Kf1 Nd5
21. Kg2 Rfe8 22. a4 f6 23. Nf3 bxa4 24. Rxa4 b6 25. Re1 Re4 26. Ra7 Nf4+ 27.
Nxf4 Bxf4 28. Kf1 g5 29. h3 Kf7 30. Ng1 Rde8 31. Rea1 h5 32. Kg2 g4 33. Ra8 Bd6
34. Rxe8 Rxe8 35. b4 Kg6 36. Rb1 Kg5 37. c4 Re4 38. c5 Be7 39. Rd1 f4 40. hxg4
hxg4 41. f3 Re3 42. Rd2 f5 43. Kf1 Rb3 44. cxb6 cxb6 45. d5 Bxb4 46. d6 Bxd2
0-1

[Event "14. Obert Int. Sant Marti 2012"]
[Site "Barcelona ESP"]
[Date "2012.07.20"]
[Round "8.26"]
[White "Larduet Despaigne, Carlos"]
[Black "Krishna, C R G.."]
[Result "1/2-1/2"]
[WhiteElo "2370"]
[BlackElo "2273"]
[PlyCount "107"]
[EventDate "2012.07.13"]
[EventType "swiss"]
[EventRounds "9"]
[EventCountry "ESP"]
[SourceTitle "Ajedrez en Madrid"]
[Source "lmi"]
[SourceDate "2012.07.13"]
[SourceVersion "1"]
[SourceVersionDate "2019.06.21"]
[SourceQuality "1"]

1. Nf3 d5 2. g3 Nf6 3. Bg2 c6 4. O-O Bf5 5. d3 Nbd7 6. Nh4 Bg4 7. h3 Bh5 8. g4
Bg6 9. e3 e6 10. f4 Bc5 11. Qe2 O-O 12. Nd2 d4 13. Nxg6 dxe3 14. Nb3 hxg6 15.
Nxc5 Nxc5 16. Bxe3 Na4 17. c4 Re8 18. b3 Nb6 19. d4 Qc7 20. Rad1 Rad8 21. Kh1
Nbd7 22. Bg1 b6 23. Qf3 c5 24. Qc6 Rc8 25. Qxc7 Rxc7 26. Rfe1 cxd4 27. Bxd4 Nc5
28. Kg1 Rd8 29. Bxc5 Rxd1 30. Rxd1 Rxc5 31. Rd8+ Kh7 32. Kf2 g5 33. fxg5 Rxg5
34. b4 Re5 35. Rd4 g5 36. a3 Kg7 37. Bc6 Kf8 38. Rd8+ Ke7 39. Ra8 a5 40. Ra7+
Kd6 41. Bb5 axb4 42. axb4 Re4 43. Rxf7 Ke5 44. Rb7 Kf4 45. Rf7 Ke5 46. Rg7 Rd4
47. Ke3 Re4+ 48. Kd3 Rd4+ 49. Kc2 Ne4 50. Rb7 Rd2+ 51. Kb3 Rd3+ 52. Kb2 Rd2+
53. Kb3 Rd3+ 54. Kb2 1/2-1/2

[Event "14. Obert Int. Sant Marti 2012"]
[Site "Barcelona ESP"]
[Date "2012.07.20"]
[Round "8.27"]
[White "Capellades Subirana, Marc"]
[Black "Sanchez Ibern, Marc"]
[Result "1-0"]
[WhiteElo "2233"]
[BlackElo "2364"]
[PlyCount "71"]
[EventDate "2012.07.13"]
[EventType "swiss"]
[EventRounds "9"]
[EventCountry "ESP"]
[SourceTitle "Ajedrez en Madrid"]
[Source "lmi"]
[SourceDate "2012.07.13"]
[SourceVersion "1"]
[SourceVersionDate "2019.06.21"]
[SourceQuality "1"]

1. e4 e6 2. d4 d5 3. Nd2 Nf6 4. e5 Nfd7 5. Bd3 c5 6. c3 Nc6 7. Ne2 cxd4 8. cxd4
f6 9. Nf4 Nxd4 10. Qh5+ Ke7 11. exf6+ Nxf6 12. Ng6+ hxg6 13. Qxh8 Kf7 14. f4
Qb6 15. O-O Nf3+ 16. Kh1 Nxd2 17. Bxd2 Qxb2 18. Bxg6+ Kxg6 19. Qxf8 Qxd2 20.
Rf3 Ne4 21. Qe8+ Kf6 22. Raf1 Qa5 23. g4 Qc7 24. g5+ Kf5 25. Qh5 e5 26. Qh7+
Ke6 27. Qg6+ Ke7 28. Qxg7+ Kd8 29. Qh8+ Kd7 30. fxe5 Kc6 31. Rc1+ Nc5 32. Rxc5+
Kxc5 33. Rc3+ Kb6 34. Rxc7 Kxc7 35. Qf6 Bd7 36. Qd6+ 1-0